000 00749nam a2200217Ia 4500
001 15466
003 GE_BSU
008 181216s||||||||xx |||||||||||||| ||und||
040 _cGE_BSU
080 _a821.353.1-32
100 _aჩხეიძე,ოთარ
245 _aრჩეული თხზულებანი სამ ტომად. ტ.2
245 _bრომანები. მოთხრობები.
245 _cრედ.მ.სანადირაძე. მხატვ. დ.გრიგოლია
260 _aთბილისი
260 _bმერანი
260 _c1987
300 _a711გვ.20სმ.
653 _aრომანები. მოთხრობები.
942 _cBK
999 _c48567
_d48567